[Event "FICGS class M 000125 email"]
[Site "FICGS email"]
[Date "2023.07.06"]
[Round "1"]
[White "Schroeder, Christoph"]
[Black "Cirulis, Ilmars"]
[Result "1/2-1/2"]
[WhiteElo "2267"]
[BlackElo "2237"]
[PlyCount "27"]
[EventDate "2023.??.??"]
[EventType "tourn (corr)"]
[EventRounds "6"]
[SourceTitle "Corr 2024"]
[Source "ChessBase"]
[SourceDate "2023.10.19"]
[SourceVersion "1"]
[SourceVersionDate "2023.10.19"]
[SourceQuality "1"]

1. e4 e5 2. Nf3 Nc6 3. Bb5 Nf6 4. d3 d6 5. c3 a6 6. Bxc6+ bxc6 7. 0-0 Be7 8. Re1 0-0 9. d4 exd4 10. cxd4 d5 11. exd5 Nxd5 12. Nc3 Re8 13. Nxd5 Qxd5 14. Bf4 1/2-1/2

[Event "FICGS W-ch st1 g04 email"]
[Site "FICGS email"]
[Date "2023.07.04"]
[Round "1"]
[White "Cirulis, Ilmars"]
[Black "Dyson, John"]
[Result "1/2-1/2"]
[WhiteElo "2237"]
[BlackElo "2153"]
[PlyCount "93"]
[EventDate "2023.??.??"]
[EventType "tourn (corr)"]
[EventRounds "6"]
[SourceTitle "Corr 2024"]
[Source "ChessBase"]
[SourceDate "2023.10.19"]
[SourceVersion "1"]
[SourceVersionDate "2023.10.19"]
[SourceQuality "1"]

1. e4 e5 2. Nf3 Nc6 3. Bb5 Nf6 4. d3 Bc5 5. c3 0-0 6. 0-0 Re8 7. Bg5 a6 8. Ba4 h6 9. Bh4 g5 10. Bg3 b5 11. Bb3 d6 12. a4 Bg4 13. Nbd2 Bb6 14. Re1 Rb8 15. axb5 axb5 16. Nf1 Bh5 17. h4 Nh7 18. Ne3 Qf6 19. Nd5 Qg7 20. d4 exd4 21. Qd3 Bxf3 22. Qxf3 Ne5 23. Bxe5 dxe5 24. hxg5 Nxg5 25. Nf6+ Kh8 26. Qf5 Re7 27. Ra6 dxc3 28. bxc3 Qg6 29. Nd5 Ree8 30. Qxg6 fxg6 31. Nxb6 Rxb6 32. Rxb6 cxb6 33. Bd5 Rc8 34. Rb1 Rc5 35. Ra1 Rxc3 36. Ra8+ Kh7 37. Rb8 b4 38. Rxb6 h5 39. Rxb4 h4 40. Rb7+ Kh6 41. Re7 Rc1+ 42. Kh2 Rf1 43. Rxe5 Rxf2 44. Kg1 h3 45. gxh3 Nxh3+ 46. Kh1 Ng5 47. Kg1 1/2-1/2

[Event "FICGS rapid M 000147 email"]
[Site "FICGS email"]
[Date "2023.07.03"]
[Round "1"]
[White "Swiatek, Janusz"]
[Black "Cirulis, Ilmars"]
[Result "1/2-1/2"]
[WhiteElo "2209"]
[BlackElo "2237"]
[PlyCount "41"]
[EventDate "2023.??.??"]
[EventType "tourn (rapid)"]
[EventRounds "6"]
[SourceTitle "Corr 2024"]
[Source "ChessBase"]
[SourceDate "2023.10.19"]
[SourceVersion "1"]
[SourceVersionDate "2023.10.19"]
[SourceQuality "1"]

1. e4 e5 2. Nf3 Nc6 3. Bb5 Nf6 4. 0-0 Nxe4 5. Re1 Nd6 6. Nxe5 Be7 7. Bf1 Nxe5 8. Rxe5 0-0 9. d4 Bf6 10. Re1 Re8 11. Bf4 Rxe1 12. Qxe1 Ne8 13. c3 d5 14. Nd2 Bf5 15. Qe3 c6 16. Re1 Nd6 17. Nb3 b6 18. g4 Be6 19. Nd2 Bxg4 20. Qg3 Be6 21. Bxd6 1/2-1/2

[Event "FICGS class M 000123 email"]
[Site "FICGS email"]
[Date "2023.06.04"]
[Round "1"]
[White "Cirulis, Ilmars"]
[Black "Dialfonso, Darren"]
[Result "1/2-1/2"]
[WhiteElo "2244"]
[BlackElo "2229"]
[PlyCount "55"]
[EventDate "2023.??.??"]
[EventType "tourn (corr)"]
[EventRounds "6"]
[SourceTitle "Corr 2024"]
[Source "ChessBase"]
[SourceDate "2023.10.19"]
[SourceVersion "1"]
[SourceVersionDate "2023.10.19"]
[SourceQuality "1"]

1. c3 Nf6 2. Nf3 d5 3. d4 e6 4. Bf4 Bd6 5. e3 0-0 6. Bd3 c5 7. dxc5 Bxc5 8. Nbd2 Nc6 9. 0-0 Re8 10. e4 e5 11. Bg5 d4 12. cxd4 Bxd4 13. Nxd4 Nxd4 14. Nc4 b5 15. Ne3 h6 16. Bh4 a6 17. f4 exf4 18. Rxf4 g5 19. e5 gxh4 20. Rxd4 Qe7 21. Qf3 Qxe5 22. Nc2 Be6 23. Rf1 Nh7 24. Rxh4 Rad8 25. Nb4 Ng5 26. Qh5 Qxb2 27. Qxh6 Qg7 28. Qxg7+ 1/2-1/2

[Event "FICGS class M 000122 email"]
[Site "FICGS email"]
[Date "2023.05.15"]
[Round "1"]
[White "Cirulis, Ilmars"]
[Black "Swiatek, Janusz"]
[Result "1/2-1/2"]
[WhiteElo "2244"]
[BlackElo "2209"]
[PlyCount "40"]
[EventDate "2023.??.??"]
[EventType "tourn (corr)"]
[EventRounds "6"]
[SourceTitle "Corr 2024"]
[Source "ChessBase"]
[SourceDate "2023.10.19"]
[SourceVersion "1"]
[SourceVersionDate "2023.10.19"]
[SourceQuality "1"]

1. e4 e5 2. Nf3 Nc6 3. Bc4 Bc5 4. b4 Bxb4 5. c3 Ba5 6. d4 exd4 7. Qb3 Qe7 8. 0-0 Bb6 9. cxd4 Nxd4 10. Nxd4 Bxd4 11. Nc3 Nf6 12. Bg5 c6 13. Rad1 Bxc3 14. Qxc3 0-0 15. Bxf6 gxf6 16. Qh3 d6 17. Qh4 Re8 18. Rfe1 Kh8 19. Bd3 Bd7 20. Qh6 Qe6 1/2-1/2

[Event "FICGS rapid M 000146 email"]
[Site "FICGS email"]
[Date "2023.05.12"]
[Round "1"]
[White "Cirulis, Ilmars"]
[Black "Duttagupta, Aniruddha"]
[Result "0-1"]
[WhiteElo "2244"]
[BlackElo "2254"]
[PlyCount "54"]
[EventDate "2023.??.??"]
[EventType "tourn (rapid)"]
[EventRounds "6"]
[SourceTitle "Corr 2024"]
[Source "ChessBase"]
[SourceDate "2023.10.19"]
[SourceVersion "1"]
[SourceVersionDate "2023.10.19"]
[SourceQuality "1"]

1. d4 Nf6 2. c4 e6 3. Nf3 b6 4. g3 Ba6 5. b3 Bb4+ 6. Bd2 Be7 7. Bg2 d5 8. cxd5 exd5 9. 0-0 0-0 10. Nc3 Re8 11. Ne5 Bb7 12. Rc1 Nbd7 13. Nd3 a5 14. Rc2 c6 15. Qc1 h6 16. Rd1 Bb4 17. Nxb4 axb4 18. Na4 Qe7 19. h4 Qxe2 20. Bxh6 Qh5 21. Bd2 c5 22. Nxb6 Nxb6 23. dxc5 Nc8 24. c6 Ba6 25. Bxb4 Ne7 26. a4 Rab8 27. c7 Rxb4 0-1

[Event "FICGS rapid M 000146 email"]
[Site "FICGS email"]
[Date "2023.05.12"]
[Round "1"]
[White "Maceda, Coco"]
[Black "Cirulis, Ilmars"]
[Result "1/2-1/2"]
[WhiteElo "2230"]
[BlackElo "2244"]
[PlyCount "56"]
[EventDate "2023.??.??"]
[EventType "tourn (rapid)"]
[EventRounds "6"]
[SourceTitle "Corr 2024"]
[Source "ChessBase"]
[SourceDate "2023.10.19"]
[SourceVersion "1"]
[SourceVersionDate "2023.10.19"]
[SourceQuality "1"]

1. e4 e6 2. d4 d5 3. Nc3 Nf6 4. e5 Nfd7 5. f4 c5 6. Nf3 Nc6 7. Be3 cxd4 8. Nxd4 Qb6 9. Qd2 Qxb2 10. Rb1 Qa3 11. Bb5 Nxd4 12. Bxd4 a6 13. Bxd7+ Bxd7 14. Rb3 Qe7 15. Rxb7 Rc8 16. 0-0 Qd8 17. f5 exf5 18. Rfb1 Qa5 19. Qe3 Be6 20. R1b6 Bc5 21. Bxc5 Rxc5 22. Rb8+ Bc8 23. Nxd5 f4 24. Qe4 Rxc2 25. h3 0-0 26. Ne7+ Kh8 27. Qxc2 Qe1+ 28. Kh2 Qg3+ 1/2-1/2

[Event "FICGS rapid M 000146 email"]
[Site "FICGS email"]
[Date "2023.05.12"]
[Round "1"]
[White "Swiatek, Janusz"]
[Black "Cirulis, Ilmars"]
[Result "1/2-1/2"]
[WhiteElo "2209"]
[BlackElo "2244"]
[PlyCount "51"]
[EventDate "2023.??.??"]
[EventType "tourn (rapid)"]
[EventRounds "6"]
[SourceTitle "Corr 2024"]
[Source "ChessBase"]
[SourceDate "2023.10.19"]
[SourceVersion "1"]
[SourceVersionDate "2023.10.19"]
[SourceQuality "1"]

1. d4 f5 2. g3 Nf6 3. c4 g6 4. Bg2 Bg7 5. Nf3 0-0 6. Nc3 d6 7. 0-0 Qe8 8. Re1 Qf7 9. e4 fxe4 10. Ng5 Qxc4 11. Ngxe4 Nxe4 12. Rxe4 Qf7 13. Rf4 Bf6 14. Nd5 Na6 15. h4 c6 16. Nxf6+ exf6 17. d5 c5 18. b4 Nxb4 19. a3 Na6 20. Bb2 Qg7 21. Qf3 h5 22. Rxf6 Bf5 23. Rxf8+ Qxf8 24. Qc3 Kh7 25. Re1 Nc7 26. Qa5 1/2-1/2

[Event "RM-2023-0-00283"]
[Site "LSS email"]
[Date "2023.05.04"]
[Round "?"]
[White "Cirulis, Ilmars"]
[Black "Nichols, Scott"]
[Result "1/2-1/2"]
[WhiteElo "2287"]
[BlackElo "2290"]
[PlyCount "59"]
[EventDate "2023.03.04"]
[EventType "tourn (corr)"]
[EventRounds "6"]
[EventCountry "GER"]
[SourceTitle "Corr 2024"]
[Source "ChessBase"]
[SourceDate "2023.10.19"]
[SourceVersion "1"]
[SourceVersionDate "2023.10.19"]
[SourceQuality "1"]

1. d4 d5 2. c4 c6 3. Nf3 Nf6 4. Nc3 dxc4 5. a4 Bf5 6. e3 e6 7. Bxc4 Bb4 8. 0-0 0-0 9. Qe2 Bg6 10. Ne5 Nbd7 11. Nxg6 hxg6 12. Rd1 Qc7 13. g3 a6 14. Na2 Bd6 15. Qc2 c5 16. Be2 Rac8 17. dxc5 Nxc5 18. Bd2 g5 19. Be1 g4 20. Rd4 Qe7 21. Rad1 Be5 22. Rc4 b5 23. axb5 axb5 24. Rb4 Na6 25. Qb1 Nxb4 26. Bxb4 Qb7 27. Bxf8 Rxf8 28. Nc1 g6 29. Nd3 Bd6 30. Nc1 1/2-1/2

[Event "RM-2023-0-00283"]
[Site "LSS email"]
[Date "2023.04.27"]
[Round "?"]
[White "Szulc, Stanislaw"]
[Black "Cirulis, Ilmars"]
[Result "1/2-1/2"]
[WhiteElo "2246"]
[BlackElo "2287"]
[PlyCount "45"]
[EventDate "2023.03.04"]
[EventType "tourn (corr)"]
[EventRounds "6"]
[EventCountry "GER"]
[SourceTitle "Corr 2024"]
[Source "ChessBase"]
[SourceDate "2023.10.19"]
[SourceVersion "1"]
[SourceVersionDate "2023.10.19"]
[SourceQuality "1"]

1. e4 e6 2. d4 d5 3. e5 c5 4. c3 Nc6 5. Nf3 Qb6 6. a3 Nh6 7. b4 cxd4 8. cxd4 Nf5 9. Bb2 Bd7 10. Be2 Be7 11. 0-0 Rc8 12. Qd2 h5 13. Rc1 g5 14. Nxg5 Ncxd4 15. Rxc8+ Bxc8 16. Nf3 Nxe2+ 17. Qxe2 Bd7 18. Nbd2 Qb5 19. Qd1 Qa6 20. Nf1 h4 21. h3 Bb5 22. Nd4 Nxd4 23. Qxd4 1/2-1/2

[Event "ZH-2023-0-02258"]
[Site "LSS email"]
[Date "2023.04.24"]
[Round "?"]
[White "Cirulis, Ilmars"]
[Black "Ozen, Bahadir"]
[Result "1/2-1/2"]
[WhiteElo "2287"]
[BlackElo "2259"]
[PlyCount "40"]
[EventDate "2023.04.22"]
[EventType "match (corr)"]
[EventRounds "2"]
[EventCountry "GER"]
[SourceTitle "Corr 2024"]
[Source "ChessBase"]
[SourceDate "2023.10.19"]
[SourceVersion "1"]
[SourceVersionDate "2023.10.19"]
[SourceQuality "1"]

1. d4 Nf6 2. Nf3 e6 3. c4 b6 4. g4 Bb7 5. g5 Ne4 6. Bg2 f5 7. h4 Nc6 8. Bf4 Bb4+ 9. Nbd2 Ne7 10. a3 Bxd2+ 11. Bxd2 d6 12. h5 Qd7 13. b4 a5 14. h6 Rg8 15. bxa5 Nxd2 16. Qxd2 Rxa5 17. Qe3 Ng6 18. Rc1 Kd8 19. hxg7 f4 20. Qb3 Rxg7 1/2-1/2

[Event "ZH-2023-0-02251"]
[Site "LSS email"]
[Date "2023.04.12"]
[Round "?"]
[White "Ozen, Bahadir"]
[Black "Cirulis, Ilmars"]
[Result "1/2-1/2"]
[WhiteElo "2265"]
[BlackElo "2288"]
[PlyCount "35"]
[EventDate "2023.04.12"]
[EventType "match (corr)"]
[EventRounds "2"]
[EventCountry "GER"]
[SourceTitle "Corr 2024"]
[Source "ChessBase"]
[SourceDate "2023.10.19"]
[SourceVersion "1"]
[SourceVersionDate "2023.10.19"]
[SourceQuality "1"]

1. e4 e6 2. d4 d5 3. Nc3 Nf6 4. e5 Nfd7 5. f4 c5 6. Nf3 Nc6 7. Be3 cxd4 8. Nxd4 Qb6 9. Qd2 Qxb2 10. Rb1 Qa3 11. Bb5 Nxd4 12. Bxd4 a6 13. Bxd7+ Bxd7 14. Rb3 Qe7 15. Rxb7 Rc8 16. 0-0 Qd8 17. Qe3 Rc4 18. Rfb1 1/2-1/2

[Event "ZH-2023-0-02246"]
[Site "LSS email"]
[Date "2023.04.09"]
[Round "?"]
[White "Ozen, Bahadir"]
[Black "Cirulis, Ilmars"]
[Result "1/2-1/2"]
[WhiteElo "2268"]
[BlackElo "2286"]
[PlyCount "55"]
[EventDate "2023.04.09"]
[EventType "match (corr)"]
[EventRounds "2"]
[EventCountry "GER"]
[SourceTitle "Corr 2024"]
[Source "ChessBase"]
[SourceDate "2023.10.19"]
[SourceVersion "1"]
[SourceVersionDate "2023.10.19"]
[SourceQuality "1"]

1. c4 e5 2. Nc3 Nf6 3. Nf3 Nc6 4. e4 Bb4 5. d3 d6 6. a3 Bc5 7. b4 Bb6 8. Be3 Bg4 9. Be2 0-0 10. 0-0 Bxf3 11. Bxf3 Nd4 12. Na4 Nxf3+ 13. Qxf3 Bxe3 14. Qxe3 c6 15. d4 a5 16. dxe5 Ng4 17. Qd4 axb4 18. axb4 Nxe5 19. f4 Ng6 20. g3 Re8 21. Nc3 Rxa1 22. Rxa1 Nf8 23. Rd1 Qa8 24. Qxd6 Qa3 25. Qd3 Qxb4 26. e5 Ra8 27. Rb1 Qa3 28. Rxb7 1/2-1/2

[Event "FICGS rapid M 000145 email"]
[Site "FICGS email"]
[Date "2023.04.05"]
[Round "1"]
[White "Cirulis, Ilmars"]
[Black "Detchin, Yra"]
[Result "1/2-1/2"]
[WhiteElo "2248"]
[BlackElo "2181"]
[PlyCount "50"]
[EventDate "2023.??.??"]
[EventType "tourn (rapid)"]
[EventRounds "6"]
[SourceTitle "Corr 2024"]
[Source "ChessBase"]
[SourceDate "2023.10.19"]
[SourceVersion "1"]
[SourceVersionDate "2023.10.19"]
[SourceQuality "1"]

1. d4 Nf6 2. Nf3 e6 3. c4 b6 4. g3 Ba6 5. Qc2 c5 6. d5 exd5 7. cxd5 Bb7 8. Bg2 Nxd5 9. 0-0 Be7 10. Rd1 Nc6 11. Qa4 Nf6 12. Nh4 0-0 13. Nf5 d5 14. Nc3 Nd4 15. Nxd4 cxd4 16. Rxd4 Bc5 17. Rd3 Qe8 18. Qh4 Ba6 19. Rd1 d4 20. Bxa8 Qxa8 21. Rxd4 Re8 22. Bd2 Bxd4 23. Qxd4 Bxe2 24. Nxe2 Rxe2 25. Re1 Rxe1+ 1/2-1/2

[Event "ZH-2023-0-02232"]
[Site "LSS email"]
[Date "2023.04.02"]
[Round "?"]
[White "Ozen, Bahadir"]
[Black "Cirulis, Ilmars"]
[Result "1/2-1/2"]
[WhiteElo "2250"]
[BlackElo "2279"]
[PlyCount "33"]
[EventDate "2023.04.02"]
[EventType "match (corr)"]
[EventRounds "2"]
[EventCountry "GER"]
[SourceTitle "Corr 2024"]
[Source "ChessBase"]
[SourceDate "2023.10.19"]
[SourceVersion "1"]
[SourceVersionDate "2023.10.19"]
[SourceQuality "1"]

1. Nf3 d5 2. d4 g6 3. c4 c6 4. cxd5 cxd5 5. Nc3 Nf6 6. Bf4 Nc6 7. e3 Ne4 8. Bd3 Nxc3 9. bxc3 Bg7 10. 0-0 0-0 11. Rb1 b6 12. c4 dxc4 13. Bxc4 Bb7 14. Qe2 e6 15. Rfd1 Qe7 16. h4 h6 17. d5 1/2-1/2

[Event "ZH-2023-0-02229"]
[Site "LSS email"]
[Date "2023.04.01"]
[Round "?"]
[White "Ozen, Bahadir"]
[Black "Cirulis, Ilmars"]
[Result "1/2-1/2"]
[WhiteElo "2251"]
[BlackElo "2271"]
[PlyCount "33"]
[EventDate "2023.04.01"]
[EventType "match (corr)"]
[EventRounds "2"]
[EventCountry "GER"]
[SourceTitle "Corr 2024"]
[Source "ChessBase"]
[SourceDate "2023.10.19"]
[SourceVersion "1"]
[SourceVersionDate "2023.10.19"]
[SourceQuality "1"]

1. d4 d5 2. c4 c6 3. cxd5 cxd5 4. Nc3 Nf6 5. Bf4 Nc6 6. e3 Bf5 7. Nf3 e6 8. Bd3 Bxd3 9. Qxd3 Be7 10. h3 0-0 11. 0-0 Qb6 12. Qe2 Rfc8 13. Rfc1 h6 14. Na4 Qd8 15. Nc5 Bxc5 16. Rxc5 Ne7 17. Rxc8 1/2-1/2

[Event "ZH-2023-0-02218"]
[Site "LSS email"]
[Date "2023.03.27"]
[Round "?"]
[White "Cirulis, Ilmars"]
[Black "Ozen, Bahadir"]
[Result "1/2-1/2"]
[WhiteElo "2261"]
[BlackElo "2254"]
[PlyCount "34"]
[EventDate "2023.03.27"]
[EventType "match (corr)"]
[EventRounds "2"]
[EventCountry "GER"]
[SourceTitle "Corr 2024"]
[Source "ChessBase"]
[SourceDate "2023.10.19"]
[SourceVersion "1"]
[SourceVersionDate "2023.10.19"]
[SourceQuality "1"]

1. c4 e6 2. e4 d5 3. exd5 exd5 4. d4 Bb4+ 5. Nc3 Nf6 6. Nf3 0-0 7. Be2 Be6 8. c5 b6 9. cxb6 axb6 10. 0-0 Ne4 11. Qc2 Bf5 12. Bd3 Bxc3 13. bxc3 Nc6 14. Re1 Bg6 15. h3 Re8 16. Bf4 Nd6 17. Bxg6 hxg6 1/2-1/2